99 chiêu thức xoa bóp bảo vệ sức khoẻ : (Các chứng ở cổ - vai - cánh tay)
Guardado en:
| Formato: | Libro |
|---|---|
| Lenguaje: | Undetermined |
| Publicado: |
Hà Nội
Lao động xã hội
2007
|
| Materias: | |
| Etiquetas: |
Agregar Etiqueta
Sin Etiquetas, Sea el primero en etiquetar este registro!
|
| Thư viện lưu trữ: | Trung tâm Học liệu Trường Đại học Cần Thơ |
|---|
| LEADER | 00653nam a2200193Ia 4500 | ||
|---|---|---|---|
| 001 | CTU_128107 | ||
| 008 | 210402s9999 xx 000 0 und d | ||
| 020 | |c 32000 | ||
| 082 | |a 615.882 | ||
| 082 | |b Ch311 | ||
| 245 | 0 | |a 99 chiêu thức xoa bóp bảo vệ sức khoẻ : | |
| 245 | 0 | |b (Các chứng ở cổ - vai - cánh tay) | |
| 245 | 0 | |c Kiến Văn, Minh Trang (biên soạn) | |
| 260 | |a Hà Nội | ||
| 260 | |b Lao động xã hội | ||
| 260 | |c 2007 | ||
| 650 | |a Massage therapy,Acupressure,Châm cứu,Kỹ thuật massa | ||
| 904 | |i Tuyến | ||
| 980 | |a Trung tâm Học liệu Trường Đại học Cần Thơ | ||